000 00389nam a22001577a 4500
005 20160629123413.0
008 160629b xxu||||| |||| 00| 0 eng d
041 _aeng
082 _b10820
100 _aAhuja, B.N.
_93172
245 _aHistory of press, press laws and communications
260 _bsurjeet Publications
_c2004
300 _a239
650 _aManagement
_9241
942 _cBK
999 _c4653
_d4651